000 00790nam a2200253Ia 4500
003 OSt
005 20220918171211.0
006 a|||||r|||| 00| 0
007 ta
008 220917b |||||||| |||| 00| 0 eng d
020 _a9781409418283 (hbk)
_c9215.10
024 _a289,011
037 _b570, 10/12/2015, Manohar Publisher &Distributors
_cTextual
040 _aARTS
_cARTS
_beng
041 _2eng
_aeng
082 _aV4:195,(X).M, Q4
100 _aOm Prakash
245 0 _aOn the economic encounter between asia and europe 1500-1800
260 _aSurrey
_bAshgate UK
_c2014
300 _axv, 260p.
_ccm.
650 _aHISTORY
942 _hV4:195,(X).M, Q4
_cTEXL
_2CC
999 _c138294
_d138294